[Event "Pan American-ch U18 Girls"]
[Site "San Jose"]
[Date "2017.07.03"]
[Round "5"]
[White "Arango Perez, Lilian Rubi"]
[Black "Velasquez, Angie Gabriela"]
[Result "1/2-1/2"]
[WhiteElo "1594"]
[BlackElo "1723"]
[PlyCount "81"]
[EventDate "2017.07.01"]
[EventType "swiss"]
[EventRounds "9"]
[EventCountry "CRI"]
[SourceTitle "EXT 2022"]
[Source "ChessBase"]
[SourceDate "2021.10.06"]
[SourceVersion "1"]
[SourceVersionDate "2021.10.06"]
[SourceQuality "1"]

1. e4 c5 2. Nf3 e6 3. c4 a6 4. Nc3 Nc6 5. d4 cxd4 6. Nxd4 Qc7 7. a3 Nf6 8. Be2 Be7 9. Be3 b6 10. Qd2 Bb7 11. f3 d6 12. 0-0 0-0 13. Rad1 Rfd8 14. Na4 Rab8 15. Nxe6 fxe6 16. Bxb6 Qd7 17. Bxd8 Rxd8 18. Nc3 Qc7 19. Kh1 h6 20. Bd3 Kh8 21. Ne2 d5 22. cxd5 exd5 23. Nf4 Qd6 24. Ng6+ Kg8 25. Bc2 Qc7 26. Qc3 dxe4 27. fxe4 Rxd1 28. Rxd1 Ng4 29. Nxe7+ Qxe7 30. Rf1 Nce5 31. Bb3+ Kh7 32. Bd5 Bxd5 33. exd5 Qd6 34. h3 Nf6 35. Rf5 Nfd7 36. Qc2 Kg8 37. Rf1 Kh8 38. Qc8+ Kh7 39. Qc2+ Kh8 40. Qc8+ Kh7 41. Qc2+ 1/2-1/2